000 00413nam a2200169Ia 4500
008 230711s9999||||xx |||||||||||||| ||und||
020 _a978-988-15452-0-6
041 _aENG
082 _a720.47
_bGR-E
100 _aGreen,Torence
245 0 _aEco-Hosuing Design
250 _a1st Ed.
260 _c2013
_aHong Kong
_bDesign Media Publishing Limited
300 _a303p.
650 _aArchitecture
942 _cBK
999 _c6834
_d6834